| 000 | 01722nam a2200301 a 4500 | ||
|---|---|---|---|
| 001 | 000008207 | ||
| 005 | 20200929154502.0 | ||
| 008 | 090915d2006 dr abc r 001 0 spa d | ||
| 020 | _a9993423831 | ||
| 040 |
_aDO-SdBNP _bspa _cBNPHU |
||
| 082 |
_a665.53097293 _bE47h |
||
| 100 | 1 |
_aEllis, Gerld _b1926- _922253 |
|
| 245 | 1 | 0 |
_aHistoria del petróleo en la República Dominicana : _bcompendio de lsa actividades de la industria del petróleo en la República Dominicana desde principios del siglo XX hasta el presente / _cGerld Ellis, Néstor Rodríguez S. |
| 260 |
_aSanto Domingo : _bAcademia Dominicana de Historia : Refinería Dominicana de Petróleo, _c2006. |
||
| 300 |
_a185 p. : _bil., gráf., maps. retr. ; _c26 cm. |
||
| 500 | _aIncluye datos biográficos de los autores en las solapas | ||
| 500 | _aIncluye referencias bibliográficas y notas al pie de las páginas | ||
| 504 | _aBibliografía : p. 183-185 | ||
| 505 | 0 |
_aPrólogo -- _tTecnología del petróleo -- _tLas cuencas sedimentarias en la República Dominicana -- _tExploración petrolera en República Dominicana 1904 -1972 -- _tExploración petrolera en República Dominicana 1972-1990 -- _tExploración petrolera en República Dominicana período desde 1990 hasta el presente -- _tLa refinería dominicana del petróleo -- _tBibliografía. |
|
| 590 | _aInventariado, 2018/ YL | ||
| 610 | 1 | 4 |
_aREFINERÍA DOMINICANA DE PETRÓLEO _xHISTORIA _922254 |
| 650 | 4 |
_aRefinación de petróleo _922255 |
|
| 650 | 4 |
_aPetróleo _zRepública Dominicana _xHistoria _922256 |
|
| 650 | 4 |
_aIngenieria de petroleos _922257 |
|
| 650 | 4 |
_aPerforación de posos petroleros _922258 |
|
| 700 | 1 | 2 |
_aRodríguez S., Néstor _922259 |
| 910 | _aValidado. Control de calidad. MFF | ||
| 999 |
_c7981 _d7981 |
||